ENDING APARTHEID (Record no. 29495)

MARC details
000 -LEADER
fixed length control field 00321nam a2200133Ia 4500
008 - FIXED-LENGTH DATA ELEMENTS--GENERAL INFORMATION
fixed length control field 240624s9999 xx 000 0 und d
041 ## - LANGUAGE CODE
Language code of text/sound track or separate title eng
082 ## - DEWEY DECIMAL CLASSIFICATION NUMBER
Classification number 828 WEL
100 ## - MAIN ENTRY--PERSONAL NAME
Personal name WELSH DAVID
245 ## - TITLE STATEMENT
Title ENDING APARTHEID
260 ## - PUBLICATION, DISTRIBUTION, ETC.
Date of publication, distribution, etc. 2011
Place of publication, distribution, etc. New York
Name of publisher, distributor, etc. Longman Pearson
300 ## - PHYSICAL DESCRIPTION
Extent xi, 231 p.; 23 cm.
365 ## - TRADE PRICE
Currency code BPS
Price amount 28
Holdings
Withdrawn status Lost status Damaged status Not for loan Home library Current library Shelving location Date acquired Cost, normal purchase price Total Checkouts Full call number Barcode Date due Date last seen Date last checked out Copy number Price effective from Koha item type
        IMTN IMTN Rack 43-A 11/16/2017 20.99 1 828 WEL 29495 10/16/2025 10/06/2025 10/06/2025 88 06/24/2024 Books
Designed & Maintained by: LRC IMT Nagpur Contact: lrc@imtnag.ac.in© 2024. All Rights Reserved.